000
00258 a2200109 4500
001
63363
082
_a
658.7 BLA
090
_c
37414
_d
37414
100
_a
Blancherd, B.S
245
_a
Logistics Engineering and Management
_h
English
260
_b
Prentice Hall
942
_a
CAE NUST
_k
658.7 BLA
999
_c
298436
_d
298436